|
|
|
|
| LEADER |
00766nam a2200205 a 4500 |
| 001 |
00021141 |
| 008 |
101003s2009 ii a 001 0 eng d |
| 020 |
|
|
|a 9788131700785
|
| 040 |
|
|
|a DB-DhAAL
|c DB-DhAAL
|
| 082 |
0 |
0 |
|a 005.74
|2 22
|
| 100 |
1 |
|
|a Kahate, Atul
|
| 245 |
1 |
0 |
|a Introduction to database management systems /
|c Atul Kahate
|
| 260 |
|
|
|a Delhi, India :
|b Pearson/Dorling Kindersley,
|c c2009
|
| 300 |
|
|
|a xxiv, 510 p. :
|b ill. ;
|c 24 cm.
|
| 500 |
|
|
|a Includes index.
|
| 541 |
1 |
|
|e 00021141
|
| 650 |
|
0 |
|a Database management.
|
| 852 |
4 |
|
|a Ayesha Abed Library
|j General Shelf.
|
| 999 |
|
|
|c 9614
|d 9614
|
| 952 |
|
|
|0 0
|1 0
|2 ddc
|4 0
|6 005_740000000000000_KAH_2009
|7 0
|9 12232
|a BRACUL
|b BRACUL
|c GEN
|d 2010-10-03
|l 4
|m 51
|o 005.74 KAH
|p 3010021141
|r 2021-02-09
|s 2020-01-12
|t 1
|w 2010-10-03
|y BK
|